000 nam a22 a 4500
999 _c342795
_d342795
003 BLK
005 20230518030341.0
008 180911b bul|||||r ||||||| ||bul||
040 _aBLK
041 _aBUL
_cBUL
080 _aБългарска литература
_b821.163.2
_x-3
_z821.163.2-3
139 _aСтрашимиров, Антон Тодоров
245 0 0 _aВихър
_bС шопите към Цариград : Ч. 1-2
_cАнтон Тодоров Страшимиров
_nЧ. 1
260 _aСофия
_bБ. А. Кожухаров
_c1922
300 _c18 см
380 _aX
490 _aБългарска общодостъпна библиотека
_9209299
_v5
490 _aЧастна колекция - Академик Михаил Арнаудов
_gДарение - Основен фонд
501 _aЧ. 1 и ч. 2 подв. в едно тяло със сигн.Цб 8.175.4448 - инв. № 4448-а ; 900000067499
505 _tВихър : Ч. 2
650 _aПроза
_9167961
653 _aепос
653 _aсборници
655 _aбългарска литература
_9458984
760 _aСтрашимиров, Антон Тодоров
_d1922
_h141 с.
_oЧ. 1
852 _aМА 1841
_bМА
852 _aЦб 8.175.4448
_bЦб
942 _cKNG
_n0
_s1
944 _aCR
_c1996
_kValK
944 _aED
_c2021-06-28
_kГГГ
999 _d342795